| 000 | 00559nam a2200217Ia 4500 | ||
|---|---|---|---|
| 003 | 0100 | ||
| 008 | 130307s9999 xx 000 0 und d | ||
| 020 | _a0883440830 | ||
| 040 | _cARRUPELIB | ||
| 050 | _aBR127.C47 1978 | ||
| 245 | _aChristian faith in a religiously plural world | ||
| 260 | _aMaryknoll | ||
| 260 | _bOrbis Books | ||
| 260 | _cc1978. | ||
| 300 | _aviii | ||
| 300 | _b195 p. 21 cm. | ||
| 650 | _aCHRISTIANITY | ||
| 650 | _bEnglish Language - - Dictionaries | ||
| 700 | _aDawe, Donald G; Carman, John Braisted. (ed.) | ||
| 942 | 0 | 0 | _01 |
| 999 |
_c96893 _d96893 |
||